000 01007nam0a22002531 4500
001 rc\2698476
005 20250623165251.0
035 _a(NLR Aleph) 006826625
090 _a6500384
_c6500384
100 _a20110915d1934 |||y0rusy50 ca
101 0 _arus
102 _aRU
105 _ae j |||||
200 1 _aРусский язык. Грамматика и правописание
_eУчебник для школ малограмотных
_eДопущен Наркомпросом РСФСР
_fР. И. Аванесов
205 _a9-е изд., испр. и доп.
210 _aМосква
_cГос. учеб.-педагог. изд-во
_d1934
_gОбразцовая тип.
215 _aПереплет, 102, (2)
_d23х15 см.
700 1 _4070
_7ca
_8rus
_aАванесов
_bР. И.
_f1902-1982
_gРубен Иванович
_92641526
_3RU\NLR\AUTH\770272520
801 0 _aRU
_bNLR
_gpsbo
801 1 _aRU
_bELAR
_2rusmarc
852 _aNLR
_j34-4/1435
942 _cBOOK
980 _aNB